Southville International School and Colleges
Your cart is empty.
  • Cart
  • Lists
    Public lists list_1 View all
    Your lists Log in to create your own lists
  • Log in to your account
  • Your cookies
  • Search history
Southville International School and Colleges
  • Advanced search
  • Recent comments
  • Most popular
  • Libraries

Log in to your account

Log in with GOOGLE


If you do not have an external account, but do have a local account, you can still log in:

  1. Home
  2. MARC view: Chemistry in context :
Normal view MARC view ISBD view

Chemistry in context : (Record no. 323220)

[ view plain ]
MARC details
000 -LEADER
fixed length control field 01150cam a2200313 a 4500
001 - CONTROL NUMBER
control field 15025029
003 - CONTROL NUMBER IDENTIFIER
control field LC
005 - DATE AND TIME OF LATEST TRANSACTION
control field 20170317142348.0
008 - FIXED-LENGTH DATA ELEMENTS--GENERAL INFORMATION
fixed length control field 070927s2009 mauab 001 0 eng
010 ## - LIBRARY OF CONGRESS CONTROL NUMBER
LC control number 2007040348
020 ## - INTERNATIONAL STANDARD BOOK NUMBER
International Standard Book Number 9780071287555 (pbk. : alk. paper)
020 ## - INTERNATIONAL STANDARD BOOK NUMBER
International Standard Book Number 0073048763 (pbk. : alk. paper)
040 ## - CATALOGING SOURCE
Original cataloging agency DLC
Transcribing agency DLC
Modifying agency DLC
050 00 - LIBRARY OF CONGRESS CALL NUMBER
Classification number QD 415
Item number .C482 2009
082 00 - DEWEY DECIMAL CLASSIFICATION NUMBER
Classification number 540
245 00 - TITLE STATEMENT
Title Chemistry in context :
Remainder of title applying chemistry to society
Statement of responsibility, etc Lucy Pryde Eubanks ... [et al.].
250 ## - EDITION STATEMENT
Edition statement 6th ed.
260 ## - PUBLICATION, DISTRIBUTION, ETC. (IMPRINT)
Place of publication, distribution, etc Boston :
Name of publisher, distributor, etc McGraw-Hill Higher Education,
Date of publication, distribution, etc c2009.
300 ## - PHYSICAL DESCRIPTION
Extent xix, 586 p. :
Other physical details col. ill, col. maps ;
Dimensions 28 cm.
500 ## - GENERAL NOTE
General note Includes index.
650 #0 - SUBJECT ADDED ENTRY--TOPICAL TERM
Topical term or geographic name as entry element Biochemistry.
650 #0 - SUBJECT ADDED ENTRY--TOPICAL TERM
Topical term or geographic name as entry element Environmental chemistry.
650 #0 - SUBJECT ADDED ENTRY--TOPICAL TERM
Topical term or geographic name as entry element Geochemistry.
700 1# - ADDED ENTRY--PERSONAL NAME
Personal name Eubanks, Lucy T.
856 41 - ELECTRONIC LOCATION AND ACCESS
Materials specified Table of contents only
Uniform Resource Identifier <a href="http://www.loc.gov/catdir/toc/ecip081/2007040348.html">http://www.loc.gov/catdir/toc/ecip081/2007040348.html</a>
906 ## - LOCAL DATA ELEMENT F, LDF (RLIN)
a 7
b cbc
c orignew
d 1
e ecip
f 20
g y-gencatlg
942 ## - ADDED ENTRY ELEMENTS (KOHA)
Source of classification or shelving scheme Library of Congress Classification
Koha item type Books
Holdings
Withdrawn status Lost status Source of classification or shelving scheme Damaged status Home library Current library Shelving location Date acquired Source of acquisition Total Checkouts Full call number Barcode Date last seen Price effective from Koha item type
    Library of Congress Classification   Luxembourg Library Luxembourg Library Teachers Reference Section 03/17/2017 Library Fund   QD 415 .C482 2009 20419 03/17/2017 03/17/2017 Books

Chemistry in context :

APA

Eubanks L. T., . (2009). Chemistry in context. Boston: McGraw-Hill Higher Education.

Chicago

Eubanks Lucy T, . 2009. Chemistry in context. Boston: McGraw-Hill Higher Education.

Harvard

Eubanks L. T., . (2009). Chemistry in context. Boston: McGraw-Hill Higher Education.

MLA

Eubanks Lucy T, . Chemistry in context. Boston: McGraw-Hill Higher Education. 2009.

  • Place hold
  • Print
  • Cite
  • Add to your cart (remove)
  • Save record
    BIBTEX Dublin Core MARCXML MARC (non-Unicode/MARC-8) MARC (Unicode/UTF-8) MARC (Unicode/UTF-8, Standard) MODS (XML) RIS
  • More searches
    Search for this title in:
    Other Libraries (WorldCat) Other Databases (Google Scholar) Online Stores (Bookfinder.com) Open Library (openlibrary.org)

Exporting to Dublin Core...

SOUTHVILLE LIBRARY

Southville International School and Colleges Library

1281 Tropical Ave. Cor. Luxembourg St., BF Homes International, Las Pinas City

Tel. No. 8256374 / 252358 Loc. 117/146

Powered by Koha